[Event "C.to Provinciale CO"]
[Site "Villa Guardia ITA"]
[Date "2013.01.20"]
[Round "3"]
[White "Puppi, Simone"]
[Black "Primerano, Carlo"]
[WhiteElo "1551"]
[BlackElo "1784"]
[Result "1/2-1/2"]
[PlyCount "135"]
[EventDate "2013.01.19"]

1. e4 c5 2. Nf3 e6 3. c3 Nf6 4. e5 Nd5 5. d4 cxd4 6. Nxd4 Nc6 7. Nxc6 bxc6 8.
Bc4 d6 9. exd6 Bxd6 10. O-O O-O 11. Nd2 Nf6 12. Nf3 Qc7 13. g3 a5 14. Bg5 Nd7
15. Bb3 Bb7 16. Bc2 c5 17. Nd2 Ne5 18. Qh5 g6 19. Qh4 Nf3+ 20. Nxf3 Bxf3 21.
Bf6 Rfe8 22. Be4 Bxe4 23. Qxe4 Be7 24. Be5 Qb6 25. b3 Rad8 26. Rad1 f6 27. Bf4
Kg7 28. Qc2 e5 29. Rxd8 Rxd8 30. Be3 Qd6 31. h3 Qd3 32. Rc1 c4 33. bxc4 Qxc4
34. Qb3 Qa6 35. c4 e4 36. c5 Rc8 37. Qb6 Qa8 38. c6 Bd6 39. Qa7+ Qxa7 40. Bxa7
Bc7 41. Rd1 h5 42. Kf1 Kf7 43. a4 Ke6 44. Rd7 Bd6 45. Rg7 g5 46. Bb6 Rxc6 47.
Bxa5 Rc4 48. Rg6 Rxa4 49. Bc3 Be5 50. Bd2 Kf5 51. Rg8 Ra2 52. Be3 Ra1+ 53. Kg2
Ra4 54. Re8 Bd4 55. g4+ hxg4 56. hxg4+ Kxg4 57. Rxe4+ Kf5 58. Rxd4 Rxd4 59.
Bxd4 Ke6 60. Kf3 f5 61. Kg3 Kd5 62. Be3 g4 63. Bf4 Ke6 64. Bg5 Ke5 65. Bf4+ Ke4
66. Be3 Ke5 67. Bf4+ Ke4 68. Bd6 1/2-1/2

[Event "C.to Provinciale CO"]
[Site "Villa Guardia ITA"]
[Date "2013.01.20"]
[Round "3"]
[White "Rizzi, Pierantonio"]
[Black "Zerboni, Giuseppe"]
[WhiteElo "1401"]
[BlackElo "1541"]
[Result "0-1"]
[PlyCount "78"]
[EventDate "2013.01.19"]

1. Nf3 d5 2. d4 Nf6 3. g3 e6 4. Bg2 c5 5. c3 Nc6 6. O-O Be7 7. Bg5 cxd4 8. cxd4
O-O 9. e3 Bd7 10. a3 Qb6 11. b4 Rac8 12. Ne5 Be8 13. Nf3 Ne4 14. Bxe7 Nxe7 15.
Ne5 Bb5 16. Re1 Rc7 17. a4 Bc4 18. Nd7 Rxd7 19. b5 a6 20. bxa6 Bxa6 21. Nd2 Nc3
22. Qg4 Rc7 23. Bf1 Bxf1 24. Rxf1 Rfc8 25. Nf3 Ne2+ 26. Kg2 Rc1 27. Ne5 Qb2 28.
Raxc1 Nxc1 29. Qf4 Nf5 30. g4 f6 31. gxf5 Ne2 32. Qf3 fxe5 33. fxe6 Qc2 34.
Qxd5 Qg6+ 35. Kh1 Kh8 36. e7 Re8 37. Qxb7 e4 38. a5 Qh5 39. a6 Qf3# 0-1

[Event "C.to Provinciale CO"]
[Site "Villa Guardia ITA"]
[Date "2013.01.20"]
[Round "3"]
[White "Rossi, Giampiero"]
[Black "Longo, Giovanni"]
[WhiteElo "1898"]
[BlackElo "1661"]
[Result "1-0"]
[PlyCount "93"]
[EventDate "2013.01.19"]

1. d4 d5 2. c4 c6 3. cxd5 cxd5 4. Nc3 Nf6 5. Nf3 Nc6 6. Bf4 e6 7. e3 a6 8. Rc1
Bb4 9. Bd3 O-O 10. h3 b5 11. O-O Bb7 12. Qb3 Qe7 13. Ne5 Rfc8 14. Bg5 Bd6 15.
f4 Rc7 16. Qd1 h6 17. Bh4 Qd8 18. Bb1 Be7 19. a3 Rac8 20. Qd3 Nxe5 21. fxe5 Ne4
22. Bxe7 Qxe7 23. Ne2 Rxc1 24. Rxc1 Rxc1+ 25. Nxc1 Qc7 26. Ne2 Qc4 27. Nc3 Qxd3
28. Bxd3 Nxc3 29. bxc3 Kf8 30. Kf2 Ke7 31. g3 Bc6 32. h4 f6 33. exf6+ Kxf6 34.
Ke2 e5 35. Kd2 Bd7 36. Kc1 e4 37. Be2 Bc8 38. Kb2 Ke7 39. Kb3 Kd6 40. a4 Bd7
41. axb5 Bxb5 42. Bxb5 axb5 43. Kb4 Kc6 44. h5 Kd6 45. Kxb5 Ke6 46. Kc5 Kf5 47.
Kxd5 1-0

[Event "C.to Provinciale CO"]
[Site "Villa Guardia ITA"]
[Date "2013.01.20"]
[Round "3"]
[White "Rossini, Fulvio"]
[Black "Tavasci, Alfio"]
[WhiteElo "1718"]
[BlackElo "1640"]
[Result "1-0"]
[PlyCount "39"]
[EventDate "2013.01.19"]

1. e4 g6 2. d4 Bg7 3. c4 d6 4. Nc3 Nd7 5. Be3 e6 6. Bd3 a6 7. f4 Ne7 8. Nf3 f5
9. O-O b6 10. Ng5 Nf8 11. exf5 Nxf5 12. Bxf5 exf5 13. Re1 Qd7 14. d5 Kd8 15.
Bf2 h6 16. Bh4 Bb7 17. Nf7+ Kc8 18. Nxh8 Bxh8 19. Re7 Qd8 20. Qe2 1-0

[Event "C.to Provinciale CO"]
[Site "Villa Guardia ITA"]
[Date "2013.01.20"]
[Round "3"]
[White "Salvade', Ettore"]
[Black "Cairoli, Fabio"]
[WhiteElo "1574"]
[BlackElo "1386"]
[Result "1-0"]
[PlyCount "138"]
[EventDate "2013.01.19"]

1. e4 e6 2. Nf3 c5 3. b3 d6 4. Bb2 e5 5. Nc3 Nf6 6. Bc4 Be7 7. Qe2 Nc6 8. Bb5
O-O 9. Bxc6 bxc6 10. h3 a5 11. g4 Ne8 12. O-O-O Bh4 13. Rdg1 h6 14. Na4 Ba6 15.
Qe1 Be7 16. h4 g6 17. g5 h5 18. d3 Nc7 19. Nh2 Ne6 20. Bc3 Bb5 21. Nb2 a4 22.
Kd2 axb3 23. axb3 Qc7 24. Qe3 Nf4 25. Nf3 Ra2 26. Ra1 Rfa8 27. Rxa2 Rxa2 28.
Ne1 Ra1 29. Rh2 Bf8 30. Ng2 Nxg2 31. Rxg2 Bg7 32. Qg3 d5 33. Na4 Ra2 34. Nxc5
dxe4 35. Nxe4 Qd8 36. Nf6+ Bxf6 37. gxf6 e4 38. d4 c5 39. Qe5 Bc6 40. Rg3 Qd5
41. Qb8+ Kh7 42. Qf8 e3+ 43. Rxe3 Rxc2+ 44. Kxc2 Qf5+ 45. Rd3 Qxf2+ 46. Bd2
Qxf6 47. Qxc5 Be4 48. Bg5 Qf2+ 49. Kc3 Bxd3 50. Kxd3 Qf3+ 51. Kc4 Qe4 52. b4
Qe6+ 53. d5 Qe4+ 54. Kb5 f5 55. Qc7+ Kg8 56. Qc8+ Kf7 57. Qe6+ Qxe6 58. dxe6+
Kxe6 59. Kc5 Ke5 60. b5 f4 61. Bxf4+ Kxf4 62. b6 Kg4 63. b7 Kxh4 64. b8=Q g5
65. Qh2+ Kg4 66. Kd5 h4 67. Ke4 Kh5 68. Kf5 Kh6 69. Qh3 Kh5 1-0

[Event "C.to Provinciale CO"]
[Site "Villa Guardia ITA"]
[Date "2013.01.20"]
[Round "4"]
[White "Bellotto, Stefano"]
[Black "Rossini, Fulvio"]
[WhiteElo "1998"]
[BlackElo "1718"]
[Result "0-1"]
[PlyCount "114"]
[EventDate "2013.01.19"]

1. c4 Nf6 2. Nf3 g6 3. Nc3 Bg7 4. g3 c5 5. Bg2 Nc6 6. O-O O-O 7. d3 d6 8. Rb1
Bd7 9. h3 Qc8 10. Kh2 Nh5 11. Nd5 e6 12. Nf4 Nxf4 13. Bxf4 e5 14. Bd2 f5 15.
Ng5 h6 16. Bd5+ Kh8 17. Nf7+ Rxf7 18. Bxf7 g5 19. e3 e4 20. Bd5 Ne5 21. dxe4
fxe4 22. Bxe4 Bxh3 23. Bg2 Bxg2 24. Kxg2 Qc6+ 25. f3 g4 26. Bc3 Nxf3 27. Qd5
Qxd5 28. cxd5 Re8 29. Rh1 Kh7 30. Kf2 Rf8 31. Ke2 Rf5 32. e4 Rg5 33. Bxg7 Kxg7
34. b4 c4 35. Rbc1 b5 36. a4 a6 37. axb5 axb5 38. Ra1 Re5 39. Ke3 Ng5 40. Kf4
Rxe4+ 41. Kf5 Re5+ 42. Kxg4 Kg6 43. Rhf1 Rxd5 44. Ra6 Rd2 45. Rf8 h5+ 46. Kf4
Rf2+ 47. Ke3 Rxf8 48. Rxd6+ Rf6 49. Rd5 Rf3+ 50. Ke2 Rxg3 51. Rxb5 Rb3 52. Rb6+
Kf5 53. b5 h4 54. Rc6 Rxb5 55. Rxc4 h3 56. Kf2 Rb2+ 57. Kg1 Nf3+ 0-1

[Event "C.to Provinciale CO"]
[Site "Villa Guardia ITA"]
[Date "2013.01.20"]
[Round "4"]
[White "Bettinelli, Sergio"]
[Black "Fantina, Carla"]
[WhiteElo "1323"]
[BlackElo "1458"]
[Result "1-0"]
[PlyCount "70"]
[EventDate "2013.01.19"]

1. c4 Nf6 2. Nc3 g6 3. e4 d6 4. Nf3 Bg7 5. Be2 c5 6. d4 cxd4 7. Nxd4 O-O 8. O-O
Nc6 9. Be3 Ne5 10. Nf3 Neg4 11. Bf4 e5 12. Bd2 Nh5 13. Nd5 f5 14. Bg5 Nhf6 15.
exf5 Bxf5 16. Qc1 Qa5 17. Nxf6+ Nxf6 18. Nh4 Be6 19. Bh6 Rac8 20. Qg5 Rf7 21.
Bf3 e4 22. Qxa5 exf3 23. Bxg7 Kxg7 24. Nxf3 b6 25. Qa6 Rxc4 26. Ng5 Bd5 27.
Nxf7 Bxf7 28. Qxa7 Nd5 29. Rfe1 Rc7 30. Qa3 Rd7 31. Qa4 Rc7 32. Qd4+ Kg8 33.
Rac1 b5 34. Rxc7 Nxc7 35. Qxd6 Nd5 1-0

[Event "C.to Provinciale CO"]
[Site "Villa Guardia ITA"]
[Date "2013.01.20"]
[Round "4"]
[White "Buonocore, Elio"]
[Black "Liscio, Giovanni"]
[WhiteElo "2189"]
[BlackElo "1999"]
[Result "1-0"]
[PlyCount "72"]
[EventDate "2013.01.19"]

1. e4 c5 2. Nf3 d6 3. d4 cxd4 4. Nxd4 Nf6 5. Nc3 e6 6. Be3 a6 7. f3 Qc7 8. Qd2
Nc6 9. O-O-O Bd7 10. g4 h6 11. h4 Nxd4 12. Bxd4 Bc6 13. Bd3 O-O-O 14. g5 Nd7
15. f4 Nc5 16. Qf2 Nd7 17. Rhe1 Kb8 18. f5 e5 19. Be3 hxg5 20. hxg5 Be7 21. Bc4
f6 22. g6 Nc5 23. Nd5 Bxd5 24. Bxd5 Rc8 25. Kb1 Rh5 26. Rh1 Rch8 27. Rxh5 Rxh5
28. a3 Qc8 29. Bxc5 Qxc5 30. Qxc5 dxc5 31. Be6 Rh8 32. Rd7 Bf8 33. Bd5 b5 34.
Rb7+ Kc8 35. Ra7 c4 36. Rxa6 Kc7 1-0

[Event "C.to Provinciale CO"]
[Site "Villa Guardia ITA"]
[Date "2013.01.20"]
[Round "4"]
[White "Cairoli, Fabio"]
[Black "Lotti, Riccardo"]
[WhiteElo "1386"]
[BlackElo "1353"]
[Result "0-1"]
[PlyCount "89"]
[EventDate "2013.01.19"]

1. d4 Nf6 2. Nf3 d5 3. Bg5 Nbd7 4. e3 e6 5. Be2 Be7 6. O-O Ne4 7. Bxe7 Qxe7 8.
Nbd2 f5 9. c4 c6 10. a3 a5 11. Rb1 O-O 12. Ne5 Nxe5 13. dxe5 Qc7 14. f4 b6 15.
Rc1 Qd7 16. cxd5 cxd5 17. Nf3 Ba6 18. Nd4 Bxe2 19. Qxe2 Rfe8 20. Rc2 Rac8 21.
Rfc1 Rc5 22. Qa6 Rb8 23. h3 Kf7 24. b4 Rxc2 25. Rxc2 Qb7 26. Qxb7+ Rxb7 27.
bxa5 bxa5 28. Rc6 g5 29. Nxe6 gxf4 30. Nd8+ Ke7 31. Nxb7 fxe3 32. Rc2 Ke6 33.
Re2 d4 34. Nxa5 Kxe5 35. Nc4+ Kf4 36. a4 Nc3 37. a5 Nxe2+ 38. Kf1 Nc3 39. a6
Nb5 40. Ke2 Ke4 41. Na3 d3+ 42. Ke1 Na7 43. Nc4 f4 44. Nxe3 fxe3 45. Kd1 0-1

[Event "C.to Provinciale CO"]
[Site "Villa Guardia ITA"]
[Date "2013.01.20"]
[Round "4"]
[White "Carbone, Lorenzo"]
[Black "Moioli, Ferruccio"]
[WhiteElo "1725"]
[BlackElo "1648"]
[Result "0-1"]
[PlyCount "44"]
[EventDate "2013.01.19"]

1. e4 d6 2. d4 g6 3. Be3 Bg7 4. Nf3 c5 5. c3 Qb6 6. b3 Bg4 7. Be2 Nc6 8. d5
Bxf3 9. gxf3 Ne5 10. Qd2 Qc7 11. Na3 a6 12. Nc2 b5 13. a4 bxa4 14. Rxa4 Nf6 15.
O-O O-O 16. Rfa1 Qb7 17. b4 Rfc8 18. Bxa6 Rxa6 19. Rxa6 Nxf3+ 20. Kh1 Nxd2 21.
Bxd2 Nxe4 22. Be1 Qxd5 0-1

[Event "C.to Provinciale CO"]
[Site "Villa Guardia ITA"]
[Date "2013.01.20"]
[Round "4"]
[White "Colombo, Luca"]
[Black "Nastasi, Ivano"]
[WhiteElo "1880"]
[BlackElo "1706"]
[Result "1-0"]
[PlyCount "89"]
[EventDate "2013.01.19"]

1. e4 c5 2. Nc3 d6 3. g3 g6 4. Bg2 Bg7 5. d3 Nc6 6. Be3 Nd4 7. Qd2 a6 8. Nd1
Nc6 9. Ne2 e6 10. O-O h6 11. c3 Na5 12. f4 Ne7 13. Nf2 Qc7 14. Rac1 Bd7 15. b4
Nac6 16. bxc5 dxc5 17. Bxc5 h5 18. Be3 e5 19. d4 exf4 20. Bxf4 Qc8 21. e5 f6
22. exf6 Bxf6 23. Ne4 O-O 24. Nd6 Qb8 25. Ne4 Qa7 26. Nxf6+ Rxf6 27. Bg5 Rxf1+
28. Rxf1 Nf5 29. Bd5+ Kg7 30. Rb1 Re8 31. Kf1 b5 32. Ng1 Rf8 33. Kg2 Qb8 34.
Bf4 Qb6 35. Nf3 Nce7 36. Be5+ Rf6 37. Bxf6+ Qxf6 38. Bb3 Nd6 39. Re1 Ndf5 40.
Qg5 Qc6 41. Rxe7+ Kh8 42. Rxd7 Qxd7 43. Qf6+ Ng7 44. Qf8+ Kh7 45. Ng5+ 1-0

[Event "C.to Provinciale CO"]
[Site "Villa Guardia ITA"]
[Date "2013.01.20"]
[Round "4"]
[White "Crippa, Matteo"]
[Black "Rossi, Giampiero"]
[WhiteElo "1486"]
[BlackElo "1898"]
[Result "0-1"]
[PlyCount "49"]
[EventDate "2013.01.19"]

1. e4 c5 2. Nf3 e6 3. d4 cxd4 4. Nxd4 a6 5. Bd3 Qc7 6. O-O Nf6 7. Nc3 Bc5 8.
Nb3 Ba7 9. Kh1 d6 10. f4 Nc6 11. Qf3 O-O 12. a4 Bd7 13. Qh3 Nb4 14. e5 dxe5 15.
fxe5 Qxe5 16. Bf4 Qh5 17. Qxh5 Nxh5 18. Bd6 Nxd3 19. Bxf8 Nf2+ 20. Rxf2 Bxf2
21. Bd6 Bb6 22. Ne2 Nf6 23. Rd1 Ne4 24. Bg3 Bxa4 25. Rd3 0-1

[Event "C.to Provinciale CO"]
[Site "Villa Guardia ITA"]
[Date "2013.01.20"]
[Round "4"]
[White "Gonella, Daniele"]
[Black "Corti, Massimo"]
[WhiteElo "2141"]
[BlackElo "1986"]
[Result "1/2-1/2"]
[PlyCount "139"]
[EventDate "2013.01.19"]

1. e4 d5 2. exd5 Qxd5 3. Nc3 Qd6 4. d4 Nf6 5. Nf3 c6 6. Ne5 Nbd7 7. Bf4 Nd5 8.
Nxd5 Qxd5 9. Qd2 Nxe5 10. dxe5 Qxd2+ 11. Kxd2 Bf5 12. Bd3 O-O-O 13. Ke3 Bxd3
14. cxd3 e6 15. Rac1 Be7 16. h4 Rd5 17. h5 Rhd8 18. Rcd1 Bg5 19. Bxg5 Rxe5+ 20.
Kf4 Rf5+ 21. Kg4 Rd4+ 22. f4 f6 23. Bh4 Rfxf4+ 24. Kg3 Rg4+ 25. Kf3 Rxh4 26.
Rhe1 e5 27. Rh1 Rxd3+ 28. Rxd3 Rxh1 29. Kg4 Rf1 30. Rg3 g6 31. Rh3 f5+ 32. Kg5
Rf2 33. h6 e4 34. Kf6 Rd2 35. Re3 Kc7 36. g4 Rd6+ 37. Ke7 Rd7+ 38. Kf6 Rd6+ 39.
Kg7 Re6 40. Kxh7 f4 41. Re1 f3 42. Kg7 f2 43. Rf1 e3 44. h7 Re7+ 45. Kxg6 Rxh7
46. Kxh7 e2 47. Rxf2 e1=Q 48. Rf7+ Kb6 49. g5 Qb1+ 50. g6 Qxa2 51. Rf8 Qb1 52.
Kh6 Qh1+ 53. Kg7 Qg2 54. Kf7 Qd5+ 55. Kg7 Qe5+ 56. Kf7 Qh5 57. Kf6 Qh6 58. Kf7
Qf4+ 59. Kg8 Qc4+ 60. Rf7 Qh4 61. g7 Qd8+ 62. Rf8 Qd5+ 63. Kh7 Qh5+ 64. Kg8 a5
65. Rf6 Qd5+ 66. Kf8 Qd8+ 67. Kf7 Qd5+ 68. Kf8 Qd8+ 69. Kf7 Qd5+ 70. Kf8
1/2-1/2

[Event "C.to Provinciale CO"]
[Site "Villa Guardia ITA"]
[Date "2013.01.20"]
[Round "4"]
[White "Gonella, Graziano"]
[Black "Rizzi, Pierantonio"]
[WhiteElo "1181"]
[BlackElo "1401"]
[Result "0-1"]
[PlyCount "94"]
[EventDate "2013.01.19"]

1. e4 c5 2. Nf3 e6 3. d4 cxd4 4. Nxd4 e5 5. Nf3 Nc6 6. Nc3 Bb4 7. Bd3 Nf6 8. a3
Be7 9. O-O O-O 10. h3 a6 11. Be3 d6 12. b4 Be6 13. Be2 d5 14. exd5 Nxd5 15.
Nxd5 Bxd5 16. c4 Be6 17. b5 axb5 18. cxb5 Nb8 19. Nxe5 Bf6 20. Qxd8 Rxd8 21.
Bf4 Nd7 22. Rad1 Bxe5 23. Bxe5 Nxe5 24. Rxd8+ Rxd8 25. f4 Nd7 26. Bf3 b6 27.
Bc6 Nc5 28. f5 Bb3 29. g4 g6 30. fxg6 hxg6 31. Rf6 Kg7 32. g5 Rh8 33. Bg2 Rh5
34. Rxb6 Rxg5 35. Rc6 Ba4 36. h4 Re5 37. Bf1 Ne6 38. Rc4 Bxb5 39. Rb4 Bxf1 40.
Kxf1 Rf5+ 41. Kg2 Nf4+ 42. Kh2 Nd3 43. Rg4 Ra5 44. h5 Rxh5+ 45. Kg3 Ra5 46. Rc4
Rxa3 47. Rc2 Ne1+ 0-1

[Event "C.to Provinciale CO"]
[Site "Villa Guardia ITA"]
[Date "2013.01.20"]
[Round "4"]
[White "Guzzetti, Luigi Enrico"]
[Black "Poletto, Daniele"]
[WhiteElo "1917"]
[BlackElo "1713"]
[Result "1/2-1/2"]
[PlyCount "92"]
[EventDate "2013.01.19"]

1. e4 c5 2. Nf3 e6 3. d4 cxd4 4. Nxd4 a6 5. Be2 Qc7 6. O-O Nc6 7. Be3 Nf6 8.
Nc3 b5 9. Nxc6 dxc6 10. f4 e5 11. fxe5 Qxe5 12. Bd4 Bc5 13. Bxc5 Qxc5+ 14. Kh1
Be6 15. Bd3 O-O 16. Qf3 Bc4 17. Rae1 Bxd3 18. cxd3 Rfe8 19. Ne2 Qh5 20. Qxh5
Nxh5 21. Rf5 g6 22. Rc5 Rad8 23. g4 Nf6 24. g5 Ng4 25. Kg2 Rxd3 26. Rxc6 Rxe4
27. h3 Rde3 28. hxg4 Rxe2+ 29. Rxe2 Rxe2+ 30. Kf3 Rxb2 31. Rxa6 b4 32. Rb6 Rxa2
33. Rxb4 Kg7 34. Rb5 h6 35. gxh6+ Kxh6 36. Rb7 f6 37. Rb6 Kg5 38. Rb4 Ra3+ 39.
Kf2 Rd3 40. Rc4 f5 41. gxf5 Kxf5 42. Kg2 Re3 43. Kf2 Rb3 44. Ra4 Kg5 45. Kg2
Rb5 46. Kg3 Rb3+ 1/2-1/2

[Event "C.to Provinciale CO"]
[Site "Villa Guardia ITA"]
[Date "2013.01.20"]
[Round "4"]
[White "Lipari, Alberto"]
[Black "Aldeghi, Damiano"]
[WhiteElo "1581"]
[BlackElo "1434"]
[Result "1-0"]
[PlyCount "75"]
[EventDate "2013.01.19"]

1. c4 Nf6 2. d4 d5 3. cxd5 Nxd5 4. e4 Nf6 5. e5 Nd5 6. Nc3 e6 7. Bc4 Nb6 8. Bb3
c6 9. Nf3 Be7 10. O-O O-O 11. Qc2 Nd5 12. Ne4 h6 13. a3 Nd7 14. Qd3 f6 15. exf6
N7xf6 16. Bc2 Bd6 17. Nxd6 Qxd6 18. Ne5 Qc7 19. g4 g5 20. f4 Qh7 21. Ng6 Rf7
22. fxg5 hxg5 23. Bxg5 Nxg4 24. h4 Bd7 25. Qg3 Qh5 26. Rxf7 Kxf7 27. Rf1+ Ngf6
28. Ne5+ Ke7 29. Nxd7 Kxd7 30. Bxf6 Rf8 31. Qg7+ Qf7 32. Qxf7+ Rxf7 33. Be5
Rxf1+ 34. Kxf1 Ne3+ 35. Ke2 Nxc2 36. h5 Nxd4+ 37. Bxd4 Ke7 38. h6 1-0

[Event "C.to Provinciale CO"]
[Site "Villa Guardia ITA"]
[Date "2013.01.20"]
[Round "4"]
[White "Petetta, Roberto"]
[Black "Ambrosoli, Nadia Manuela"]
[WhiteElo "1660"]
[BlackElo "1472"]
[Result "1-0"]
[PlyCount "109"]
[EventDate "2013.01.19"]

1. e4 c6 2. d4 d5 3. Nc3 Nf6 4. e5 Ne4 5. Nxe4 dxe4 6. Bc4 Bf5 7. Be3 e6 8. c3
Nd7 9. g4 Bg6 10. Qd2 Nb6 11. Bb3 Qc7 12. h4 h5 13. g5 O-O-O 14. O-O-O c5 15.
Ne2 Bf5 16. Bc2 Nc4 17. Qe1 Qb6 18. Bb3 Qb5 19. Bxc4 Qxc4 20. b3 Qa6 21. Kb2
Bg4 22. c4 cxd4 23. Rxd4 Qa3+ 24. Kb1 Bc5 25. Rxd8+ Rxd8 26. Bc1 Qb4 27. Qxb4
Bxb4 28. Ng3 Bf3 29. Rg1 Bc5 30. Be3 b6 31. Bxc5 bxc5 32. Kc2 Kc7 33. Re1 Rd4
34. Re3 Kc6 35. Nf1 Bg4 36. Nd2 Bf5 37. Kc3 Rd3+ 38. Rxd3 exd3 39. Nf3 a5 40.
Ne1 g6 41. Kd2 Kb6 42. Ng2 Be4 43. Ne3 Kc6 44. Nf1 Bf5 45. Ng3 Kd7 46. Nxf5
gxf5 47. Kxd3 Ke7 48. a3 Kd7 49. Kc3 Kc6 50. b4 a4 51. bxc5 Kxc5 52. f4 Kb6 53.
Kb4 Kc6 54. Kxa4 Kc5 55. Kb3 1-0

[Event "C.to Provinciale CO"]
[Site "Villa Guardia ITA"]
[Date "2013.01.20"]
[Round "4"]
[White "Primerano, Carlo"]
[Black "Corti, Filippo"]
[WhiteElo "1784"]
[BlackElo "1630"]
[Result "1/2-1/2"]
[PlyCount "44"]
[EventDate "2013.01.19"]

1. d4 Nf6 2. c4 g6 3. Nc3 Bg7 4. e4 d6 5. h3 c5 6. d5 O-O 7. Nf3 b5 8. cxb5 a6
9. bxa6 Bxa6 10. Qc2 Bxf1 11. Kxf1 Na6 12. g3 Nb4 13. Qe2 Qb6 14. a3 Rfb8 15.
Rb1 Na6 16. Kg2 Nd7 17. Bd2 Qb3 18. Qd1 Qxd1 19. Nxd1 Nc7 20. Nc3 Rb3 21. Rhd1
Rab8 22. Na4 Ra8 1/2-1/2

[Event "C.to Provinciale CO"]
[Site "Villa Guardia ITA"]
[Date "2013.01.20"]
[Round "4"]
[White "Puppi, Simone"]
[Black "Grassetto, Gilberto"]
[WhiteElo "1551"]
[BlackElo "1859"]
[Result "0-1"]
[PlyCount "102"]
[EventDate "2013.01.19"]

1. e4 c5 2. Nf3 d6 3. d4 cxd4 4. Nxd4 Nf6 5. Nc3 a6 6. Bd3 e6 7. O-O Nbd7 8. f4
Qc7 9. f5 e5 10. Nde2 b5 11. Ng3 Bb7 12. Bg5 Be7 13. Nh5 O-O 14. Nxf6+ Bxf6 15.
Nd5 Bxd5 16. Bxf6 Nxf6 17. exd5 Nxd5 18. f6 g6 19. Qd2 Qc5+ 20. Kh1 Qe3 21.
Qxe3 Nxe3 22. Rf3 Nc4 23. b3 Nb6 24. Rh3 d5 25. Rf1 e4 26. Be2 Rad8 27. Rf4 Nd7
28. Bg4 Ne5 29. Rh6 Rd6 30. Bh3 e3 31. Kg1 Rxf6 32. Rxf6 Kg7 33. Rhxg6+ fxg6
34. Rxf8 Kxf8 35. Kf1 Ke7 36. Ke2 d4 37. c3 dxc3 38. Kxe3 b4 39. Bc8 a5 40. Bb7
Ng4+ 41. Kd3 Nxh2 42. Be4 Nf1 43. Kd4 Kd6 44. Bd3 Ng3 45. Kc4 Nf5 46. Bb1 c2
47. Bxc2 Ne3+ 48. Kb5 Nxc2 49. Kxa5 Kc5 50. Ka4 h5 51. Ka5 g5 0-1

[Event "C.to Provinciale CO"]
[Site "Villa Guardia ITA"]
[Date "2013.01.20"]
[Round "4"]
[White "Revinelli, Sergio"]
[Black "Coppola, Guido"]
[WhiteElo "1824"]
[BlackElo "1992"]
[Result "1/2-1/2"]
[PlyCount "82"]
[EventDate "2013.01.19"]

1. e4 g6 2. Bc4 Bg7 3. Nf3 e6 4. d4 Ne7 5. O-O d6 6. Bg5 h6 7. Be3 O-O 8. c3
Nd7 9. Re1 c5 10. a4 Qc7 11. Na3 a6 12. Bd3 d5 13. e5 Rb8 14. Qd2 c4 15. Bb1
Kh7 16. h4 f5 17. exf6 Rxf6 18. h5 b5 19. axb5 axb5 20. Nh4 Nf8 21. g3 Rb7 22.
Bf4 Rxf4 23. Qxf4 Qxf4 24. gxf4 b4 25. Bxg6+ Nfxg6 26. hxg6+ Nxg6 27. Nxg6 Kxg6
28. Nc2 bxc3 29. bxc3 Kf5 30. Reb1 Rc7 31. Kg2 Kxf4 32. Nb4 Bf6 33. Re1 Rg7+
34. Kf1 Rc7 35. Ke2 Be7 36. Nc2 e5 37. dxe5 Kxe5 38. Kf3+ Kf6 39. Nd4 h5 40.
Ra5 Bg4+ 41. Kg3 Bc5 1/2-1/2

[Event "C.to Provinciale CO"]
[Site "Villa Guardia ITA"]
[Date "2013.01.20"]
[Round "4"]
[White "Rosini, Luca Ungaro"]
[Black "Mason, Giovanni"]
[WhiteElo "1368"]
[BlackElo "1656"]
[Result "1-0"]
[PlyCount "73"]
[EventDate "2013.01.19"]

1. d4 d5 2. c4 e6 3. Nf3 c6 4. Nc3 Nf6 5. Bg5 Bb4 6. e3 Nbd7 7. cxd5 Bxc3+ 8.
bxc3 Qa5 9. Qc2 Nxd5 10. Rc1 h6 11. Bh4 O-O 12. Bc4 Re8 13. Bg3 Nf8 14. O-O f5
15. Ne5 Qd8 16. Bb3 Nf6 17. f3 N6d7 18. Qxf5 Nf6 19. Qd3 N6d7 20. Bc2 Nxe5 21.
Bxe5 Bd7 22. Bd6 Qf6 23. Be5 Qe7 24. c4 Rec8 25. c5 Be8 26. Bd6 Qf7 27. e4 b6
28. f4 bxc5 29. dxc5 Qf6 30. e5 Qg6 31. f5 Qh7 32. Qg3 Bh5 33. fxe6 Bg6 34. Bb3
Kh8 35. e7 Nd7 36. Be6 Be8 37. Rf8+ 1-0

[Event "C.to Provinciale CO"]
[Site "Villa Guardia ITA"]
[Date "2013.01.20"]
[Round "4"]
[White "Tavasci, Alfio"]
[Black "Salvade', Ettore"]
[WhiteElo "1640"]
[BlackElo "1574"]
[Result "0-1"]
[PlyCount "169"]
[EventDate "2013.01.19"]

1. d4 Nf6 2. c4 e6 3. a3 c5 4. d5 exd5 5. cxd5 Bd6 6. Nc3 O-O 7. e4 Re8 8. Bd3
Qa5 9. Bd2 Qb6 10. Rb1 Qc7 11. Nge2 a6 12. f4 c4 13. Bc2 Bc5 14. Ng3 d6 15. h3
Bd4 16. Nce2 Ba7 17. Bc3 Nbd7 18. Bd4 Qd8 19. Bxa7 Rxa7 20. O-O b5 21. Kh2 Nc5
22. Nd4 Bd7 23. Qf3 Re7 24. Ndf5 Bxf5 25. Nxf5 Red7 26. Nd4 Qe8 27. Rbe1 Rac7
28. e5 dxe5 29. Rxe5 Qd8 30. Nc6 Qf8 31. Bf5 Nb3 32. Rf2 Rd6 33. Bc2 Nc5 34.
Rfe2 Ncd7 35. Ne7+ Kh8 36. R5e3 Nb6 37. Re5 Rcd7 38. g4 Nbxd5 39. g5 Rxe7 40.
gxf6 Rxe5 41. fxg7+ Qxg7 42. Rxe5 Nf6 43. Rg5 Qf8 44. Qf2 Qd8 45. Qa7 Rd2+ 46.
Rg2 Rxg2+ 47. Kxg2 Qd2+ 48. Qf2 Qd5+ 49. Kh2 Qh5 50. Kg2 Ng8 51. Qd2 Qc5 52.
Qc3+ f6 53. Qf3 Qd6 54. Qf2 Ne7 55. Kg3 f5 56. Qe2 Qg6+ 57. Kh2 Qd6 58. Kg3 Ng6
59. Qf3 Qe6 60. Qf2 Kg7 61. Qf3 Qf6 62. Qc3 Qxc3+ 63. bxc3 Kf6 64. Kf3 h5 65.
Kg3 Ne7 66. Kh4 Kg6 67. Bd1 Kh6 68. Bxh5 Nd5 69. Bf7 Nxc3 70. Kg3 Nb1 71. a4
bxa4 72. Bxc4 a5 73. Be2 Nc3 74. Bc4 Kg6 75. Kf3 a3 76. Ke3 a2 77. Bxa2 Nxa2
78. Kd3 Kh5 79. Kd4 Kh4 80. Ke5 a4 81. Kxf5 a3 82. Kg6 Nc3 83. f5 Nd5 84. f6
Nxf6 85. Kxf6 0-1

[Event "C.to Provinciale CO"]
[Site "Villa Guardia ITA"]
[Date "2013.01.20"]
[Round "4"]
[White "Zerboni, Giuseppe"]
[Black "Ghelfi, Giancarlo"]
[WhiteElo "1541"]
[BlackElo "1642"]
[Result "1-0"]
[PlyCount "47"]
[EventDate "2013.01.19"]

1. e4 c5 2. Nf3 d6 3. d4 cxd4 4. Nxd4 Nf6 5. Nc3 a6 6. Bc4 e6 7. O-O Be7 8. Qf3
O-O 9. Re1 b5 10. Bb3 Qc7 11. Qg3 Bb7 12. Bxe6 Nc6 13. Nf5 Ne8 14. Bb3 Ne5 15.
Bd5 Ng6 16. Bg5 Nf6 17. Nxe7+ Qxe7 18. Bxb7 Qxb7 19. Bxf6 gxf6 20. Nd5 f5 21.
Nf6+ Kg7 22. Nh5+ Kh8 23. exf5 Ne5 24. Qg7# 1-0

[Event "C.to Provinciale CO"]
[Site "Villa Guardia ITA"]
[Date "2013.01.26"]
[Round "5"]
[White "Bernasconi, Roberto"]
[Black "Salvade', Ettore"]
[WhiteElo "1964"]
[BlackElo "1574"]
[Result "1-0"]
[PlyCount "73"]
[EventDate "2013.01.19"]

1. e4 e5 2. Nf3 Nc6 3. Nc3 Bb4 4. Bc4 h6 5. O-O d6 6. h3 Nf6 7. Qe2 Nh5 8. Nd5
Nf4 9. Nxf4 exf4 10. d4 g5 11. c3 Ba5 12. e5 d5 13. Bd3 Be6 14. a4 a6 15. b4
Bb6 16. Nd2 Qd7 17. Nb3 Bf5 18. Re1 O-O-O 19. b5 Bxd3 20. bxc6 Bxe2 21. cxd7+
Rxd7 22. Rxe2 Re7 23. Ba3 Re6 24. a5 Ba7 25. Rc2 f6 26. exf6 Rxf6 27. Re1 b6
28. Re5 c6 29. axb6 Bxb6 30. c4 dxc4 31. Rxc4 a5 32. Nxa5 Bxa5 33. Rxa5 Rh7 34.
d5 Kb7 35. Rb4+ Kc8 36. Ra8+ Kd7 37. Ra7+ 1-0

[Event "C.to Provinciale CO"]
[Site "Villa Guardia ITA"]
[Date "2013.01.26"]
[Round "5"]
[White "Bettinelli, Sergio"]
[Black "Puppi, Simone"]
[WhiteElo "1323"]
[BlackElo "1551"]
[Result "0-1"]
[PlyCount "90"]
[EventDate "2013.01.19"]

1. c4 c5 2. Nc3 Nc6 3. Nf3 e6 4. e4 Nf6 5. Be2 Ng4 6. d4 cxd4 7. Nxd4 Nge5 8.
O-O Be7 9. Be3 O-O 10. a3 Bg5 11. f4 Nxd4 12. Bxd4 Ng6 13. fxg5 Qxg5 14. Rf3 b6
15. Rg3 Qe7 16. Bf3 Bb7 17. Qd2 Rac8 18. b3 Rfd8 19. Ne2 e5 20. Bb2 b5 21. cxb5
Qc5+ 22. Nd4 exd4 23. b4 Qxb5 24. Qxd4 Qb6 25. Qxb6 axb6 26. Bd4 b5 27. Re1 Rc4
28. Bb6 Re8 29. Rd1 Bxe4 30. Rg4 Bxf3 31. gxf3 Ne5 32. Rxc4 Nxc4 33. Rxd7 Nxb6
34. Rb7 Nc4 35. Ra7 g6 36. a4 bxa4 37. Rxa4 Rb8 38. b5 Nd6 39. Rb4 Rxb5 40.
Rxb5 Nxb5 41. Kg2 Kg7 42. Kg3 Kf6 43. h4 Kf5 44. Kf2 Kf4 45. Ke2 Nd4+ 0-1